| Tag |
First Indicator |
Second Indicator |
Subfields |
| LEADER |
00000cam a2200000 i 4500 |
| 001 |
in00000095224 |
| 005 |
20150927110657.0 |
| 008 |
790731s1978 enk bc f00000 eng |
| 010 |
|
|
|a 79310488
|
| 015 |
|
|
|a GB79-05046
|
| 020 |
|
|
|c 20.00
|
| 035 |
|
|
|a (OCoLC)04950046
|
| 035 |
|
|
|9 AAL7105AM
|
| 040 |
|
|
|a DLC
|c DLC
|d TXA
|d UtOrBLW
|
| 049 |
|
|
|a TXAM
|c [1159435]
|
| 050 |
0 |
0 |
|a QB6
|b .C389
|
| 082 |
0 |
|
|a 523.8/7
|
| 245 |
0 |
0 |
|a Catalogue of stellar ultraviolet fluxes :
|b a compilation of absolute stellar fluxes measured by the Sky Survey Telescope (S2/68) aboard the ESRO satellite TD-1 /
|c [by] G. I. Thompson [and others].
|
| 264 |
|
1 |
|a [London] :
|b Science Research Council,
|c [1978]
|
| 264 |
|
4 |
|c ©1978
|
| 300 |
|
|
|a xxiii, 449 pages ;
|c 31 cm.
|
| 336 |
|
|
|a text
|b txt
|2 rdacontent
|
| 337 |
|
|
|a unmediated
|b n
|2 rdamedia
|
| 338 |
|
|
|a volume
|b nc
|2 rdacarrier
|
| 500 |
|
|
|a Tables.
|
| 504 |
|
|
|a Bibliography: pages [xxi]
|
| 650 |
|
0 |
|a Stars
|v Catalogs.
|
| 650 |
|
0 |
|a Ultraviolet spectroscopy
|x Catalogs.
|
| 700 |
1 |
|
|a Thompson, G. I.
|
| 999 |
|
|
|a MARS
|
| 999 |
f |
f |
|s ee8eb196-4c2d-3f84-8df5-130f9d36eea6
|i 73bb851a-bc26-36e1-bb42-93b43ab13e6f
|t 0
|
| 952 |
f |
f |
|p ric
|a Texas A&M University
|b Rellis Campus
|c Joint Library Facility
|d Remote Storage
|t 0
|e QB6 .C389
|h Library of Congress classification
|i unmediated -- volume
|m A14804571018
|
| 998 |
f |
f |
|a QB6 .C389
|t 0
|l Remote Storage
|